Loading...
| Mythology | 0 | 6 | 1 | 2 | 55 | 11 | 74.67 | 1 | 3 | 0.00 | 0.00 |
| History - Other | 0 | 4 | 0 | 0 | 40 | 16 | 47.75 | 2 | 4 | 0.00 | 0.00 |
| History - American | 0 | 4 | 0 | 2 | 40 | 53 | 76.25 | 0 | 2 | 0.00 | 0.00 |
| Fine Arts - Other | 0 | 3 | 0 | 0 | 30 | 41 | 56.00 | 2 | 3 | 0.00 | 0.00 |
| Literature - British | 0 | 3 | 0 | 0 | 30 | 98 | 108.00 | 0 | 1 | 0.00 | 0.00 |
| Painting/Sculpture | 0 | 3 | 0 | 0 | 30 | 25 | 42.00 | 2 | 2 | 0.00 | 0.00 |
| Philosophy | 0 | 3 | 0 | 0 | 30 | 65 | 80.33 | 0 | 0 | 0.00 | 0.00 |
| Pop Culture | 0 | 3 | 0 | 0 | 30 | 36 | 54.67 | 1 | 2 | 0.00 | 0.00 |
| Science - Other | 0 | 2 | 0 | 0 | 20 | 43 | 61.50 | 0 | 1 | 0.00 | 0.00 |
| Literature - European | 0 | 2 | 0 | 1 | 20 | 74 | 93.00 | 0 | 0 | 0.00 | 0.00 |
| Literature - World | 0 | 1 | 0 | 0 | 10 | 74 | 74.00 | 0 | 1 | 0.00 | 0.00 |
| Science - Physics | 0 | 1 | 0 | 1 | 10 | 105 | 105.00 | 0 | 0 | 0.00 | 0.00 |
| Science - Biology | 0 | 1 | 0 | 0 | 10 | 61 | 61.00 | 0 | 0 | 0.00 | 0.00 |
| History - European | 0 | 1 | 0 | 0 | 10 | 51 | 51.00 | 0 | 1 | 0.00 | 0.00 |
| Science - Chemistry | 0 | 1 | 0 | 0 | 10 | 55 | 55.00 | 1 | 1 | 0.00 | 0.00 |
| Religion | 0 | 1 | 1 | 0 | 5 | 52 | 52.00 | 0 | 1 | 0.00 | 0.00 |
| Geography | 0 | 1 | 2 | 1 | 0 | 93 | 93.00 | 0 | 0 | 0.00 | 0.00 |
| Social Science | 0 | 0 | 2 | 0 | -10 | 0.00 | 0 | 0 | 0.00 | 0.00 |